000 01381cam a22004214i 4500
003 PE-LiUPU
005 20250731173532.0
008 150616s r 000 0 d
020 _a0801083265
040 _aPE-LiUPU
_bspa
_cPE-LiUPU
_erda
049 _aPRUA
082 0 4 _a226.06
_bS819g
_223
100 1 _aStein, Robert H.,
_eautor.
245 1 0 _aGospels and Tradition :
_bStudies on redaction criticism of the synoptic gospels /
_cRobert H. Stein.
264 1 _aGrand Rapids, Michigan :
_bBaker Book House,
_c1991.
300 _a204 páginas ;
_c21 centímetros.
336 _atext
_2rdacontent
337 _aunmediated
_2rdamedia
338 _avolume
_2rdacarrier
504 _aIncluye bibliografía.
505 0 _aWhat is a redaction criticism?.- Ascertaining a marcan redaction history: the proper methodology.- A seam in Mark.- The transfiguration in Mark.- The cleansing of the temple in Mark.- A short note on Mark.
526 _aSEG42
526 _aSEG41
526 _aSEG40
526 _aSEG39
526 _aP94
526 _aP87
526 _aP86
526 _aP85
526 _aP77
526 _aP76
526 _aP35
630 1 4 _aBiblia.
_pEvangelios
_xCrítica, interpretación, etc.
910 _ajck
942 _2ddc
_cBK
999 _c60148
_d60148
980 _81
_gALBERTO SANCHEZ Responsable de Automatización